Anastasia has the answers /

Anastasia continues the perilous process of growing up as her thirteenth year involves her in conquering the art of rope climbing, playing Cupid for a recently widowered uncle, and surviving a crush on her gym teacher.

Bibliographic Details
Main Author: Lowry, Lois
Format: Book
Language:English
Published: Boston : Houghton Mifflin, 1986.
Subjects:

MARC

Tag First Indicator Second Indicator Subfields
LEADER 00000cam a2200000 a 4500
001 in00000017176
005 20151007053412.0
008 860123s1986 maua j 00011 eng
010 |a  86000330  
020 |a 0395417953 
035 |a (OCoLC)13122992 
035 |9 AAB1532AM 
040 |a DLC  |c DLC  |d m/c  |d TXA  |d UtOrBLW 
049 |a [Curr Col] TXAM  |c [A11061600] 
050 0 0 |a PZ7.L9673  |b Amg 1986 
082 0 |a [Fic]  |2 19 
100 1 |a Lowry, Lois. 
245 1 0 |a Anastasia has the answers /  |c Lois Lowry. 
264 1 |a Boston :  |b Houghton Mifflin,  |c 1986. 
300 |a 123 pages :  |b illustrations ;  |c 22 cm. 
336 |a text  |b txt  |2 rdacontent 
337 |a unmediated  |b n  |2 rdamedia 
338 |a volume  |b nc  |2 rdacarrier 
520 |a Anastasia continues the perilous process of growing up as her thirteenth year involves her in conquering the art of rope climbing, playing Cupid for a recently widowered uncle, and surviving a crush on her gym teacher. 
650 1 |a Humorous stories. 
999 |a MARS 
999 f f |s 3966b4fb-5edc-3623-a9c4-c35653a37961  |i f60605aa-4c9b-308d-bd6b-3463683077fe  |t 0 
952 f f |p ric  |a Texas A&M University  |b Rellis Campus  |c Joint Library Facility  |d Remote Storage  |t 0  |e PZ7.L9673 Amg 1986  |h Library of Congress classification  |i unmediated -- volume  |m A14811061600 
998 f f |a PZ7.L9673 Amg 1986  |t 0  |l Remote Storage